Statistiques concernant Les métiers et leurs saintes patronnes

Cliquez ici pour prendre le quiz!

Statistiques générales

  • Ce quiz a été pris 31 fois
  • Le résultat moyen est 4 sur 14

Statistiques - réponses

MétierSainte% Correct
jeunes filles à marierCatherine
63%
pompiersBarbe
58%
gendarmes - ParisGeneviève
58%
menuisiers - ébénistesAnne
54%
musiciensCécile
50%
causes désespéréesRita
50%
aveugles - électriciensLucie
46%
nourricesAgathe
13%
bateliersHonorine
13%
photographesVéronique
13%
sages-femmesSegolène
8%
dentistesAppoline
4%
étourdisPrune
4%
servantesMarthe Blandine
0%

Distribution des résultats

Percentile par nombre de réponses

% des personnes avec chaque résultat

Votre développement - résultats

Vous n’avez pas pris ce quiz